000 00589nam a2200241Ia 4500
003 OSt
005 20220912150729.0
006 a|||||r|||| 00| 0
007 ta
008 220909b |||||||| |||| 00| 0 eng d
024 _a1049
037 _cTextual
040 _aCSL
_beng
_cCSL
041 _aeng
082 _aY7:G:66, L4
100 _aStern
245 0 _aPhysical anthropology
260 _aNew York
_b McGraw-Hill
_c1974
300 _axii,424p.
_ccm.
650 _aAnthropology
942 _hY7:G:66, L4
_cTEXL
_2CC
999 _c53508
_d53508